| 000 | 00732cam a22002413a 4500 | ||
|---|---|---|---|
| 001 | 19290 | ||
| 003 | PGUSA | ||
| 005 | 20140828083417.0 | ||
| 008 | 060918s2006||||xxu|||||s|||||000 | eng d | ||
| 040 |
_aPGUSA _beng |
||
| 042 | _adc | ||
| 050 | 4 | _aBP | |
| 100 | 1 | _aBahá'í International Community | |
| 245 | 1 | 0 |
_aStatement on Bahá'u'lláh _h[electronic resource] / _cBahá'í International Community |
| 260 |
_bProject Gutenberg, _c2006 |
||
| 506 | _aCopyrighted. Read the copyright notice inside this book for details. | ||
| 516 | _aElectronic text | ||
| 653 | _aBahá'u'lláh, 1817-1892 | ||
| 653 | _aBahai Faith | ||
| 830 | 0 |
_aProject Gutenberg _v19290 |
|
| 856 | 4 | 0 | _uhttp://www.gutenberg.org/ebooks/19290 |
| 942 | _cEB | ||
| 999 |
_c248545 _d248545 |
||